| Поле | Инд. | ПП | Название | Значение |
|---|---|---|---|---|
| Тип записи | a | |||
| Библиографический уровень | b | |||
| 001 | Контрольный номер | RU/IS/BASE/140272623 | ||
| 005 | Дата корректировки | 20240802120258.0 | ||
| 084 | a | Индекс другой классификации/Индекс ББК | 87.3(2)6 | |
| 100 | 10 | a | Автор | Сеземан В. Э. |
| 245 | 00 | a | Заглавие | Большевистская философия в советской России |
| c | Ответственность | перевод с немецкого Т. Литвин | ||
| 504 | 00 | a | Библиография | Библиогр. в примеч. в конце статьи |
| 520 | 00 | a | Аннотация | Автор следит за тем, как основные философские понятия, законы и категории понимаются в учениях советской России |
| 650 | 04 | a | Основная рубрика | история философии |
| a | Основная рубрика | философия | ||
| 653 | 00 | a | Ключевые слова | XX век |
| a | Ключевые слова | бытие | ||
| a | Ключевые слова | движение | ||
| a | Ключевые слова | диалектический материализм | ||
| a | Ключевые слова | марксистская философия | ||
| a | Ключевые слова | материя | ||
| a | Ключевые слова | механистическая школа в философии | ||
| a | Ключевые слова | пространство | ||
| a | Ключевые слова | Россия | ||
| a | Ключевые слова | советский период | ||
| a | Ключевые слова | сознание | ||
| a | Ключевые слова | СССР | ||
| 700 | 10 | a | Автор | Литвин Т. |
| e | Роль лиц | переводчик | ||
| 773 | 00 | t | Заглавие источника | Философские науки |
| d | Дата издания источника | 2000 | ||
| g | Прочая информация | № 2. - С. 66 - 75 | ||
| w | Контрольный № источника | RU/IS/BASE/141145618 | ||
| 901 | t | Тип документа | b |